01211nam a2200301 a 4500001001000000003000600010005001700016008004100033035002100074040002600095043002100121100004700142245011200189246004200301260008000343300002000423490002600443504004100469651004300510651004700553651004500600700003600645700003800681852003400719910002800753952011100781999001700892000012233UkOxU20200929162744.0010501c19761973ve b 000 0 spa d a(MH)MHAFE05439HU aDO-SdBNPcMHdCStRLIN as-ve---acl-----1 aMaza Zavala, Domingo Felipe,d1922-92887210aVenezuela :beconomia y dependencia /cD. F. Maza Zavala, Héctor Malavé Mata, Héctor Silva Michelena.14aVenezuela, una economía dependiente aCaracas, Venezuela :bFondo Editorial Salvador de la Plaza,c[1976], c1973. a76 p. ;c20 cm.0 aColeção Rocinante aIncludes bibliographical references. 0aVenezuelaxEconomic Conditions.928873 0aLatin AmericaxEconomic Conditions.928874 0aLatin AmericaxSocial Conditions.9288751 aMalavé Mata, Héctor.9216821 aSilva Michelena, Héctor.921282 713877084yIn place5N11461594 aCatalogación derivada 001052708MOaGRbGRcCTd2009-11-06iLF1l0o p12233-10r2020-06-25w2020-06-25y2ZPréstamo interno c11892d11892